Monetary theory, policy, and financial markets /

Saved in:
Bibliographic Details
Main Author: Hosek, William R.
Other Authors: Zahn, Frank, 1936- (joint author.)
Format: Book
Language:English
Published: New York : McGraw-Hill, c1977.
Subjects:
LEADER 01040nam a2200289 i 4500
001 c000325764
003 CARM
005 00000000000000.0
008 760623s1977 nyua b 00110 eng
019 1 |a 23857085  |z 767571  |5 LACONCORD2021 
020 |a 007030436X 
035 |a (OCoLC)2331685  |5 LACONCORD2021 
050 0 0 |a HG221  |b .H83 
100 1 |a Hosek, William R. 
245 1 0 |a Monetary theory, policy, and financial markets /  |c William R. Hosek, Frank Zahn. 
260 |a New York :  |b McGraw-Hill,  |c c1977. 
300 |a x, 372 p. :  |b ill. ;  |c 24 cm. 
504 |a Includes bibliographical references and indexes. 
650 0 |a Money. 
650 0 |a Monetary policy. 
650 0 |a Money  |x Mathematical models. 
650 0 |a Finance. 
700 1 |a Zahn, Frank,  |d 1936-  |e joint author. 
852 8 |b CARM  |h A1:AL32E0  |i C10528  |p 0429912  |f BK 
082 0 4 |a 332.4 
999 f f |i c14817ef-e7b5-5b9c-9e8c-5abe4aebba33  |s 2b6c5533-9bf3-5444-bf11-93b67b1b6810 
952 f f |p Can circulate  |a CAVAL  |b CAVAL  |c CAVAL  |d CARM 1 Store  |e C10528  |f A1:AL32E0  |h Other scheme  |i book  |m 0429912